000 00733nam a2200229 a 4500
001 49107
003 BD-RjUL
005 20211209054633.0
008 160817s1985 b ||||| |||| 00| 0 eng d
020 _c : Tk.18.00
035 _a(BD-RjUL)49226
040 _aBD-RjUL
_bben
_cBD-RjUL
041 _aben
082 _223
_a891.441
_bKAJ 1985
100 1 _aকায়সার, আবু
_9135750
245 1 _aযাদুঘরে প্রজাপতি /
_cআবু কায়সার
260 _aঢাকা :
_bমুক্তধারা,
_c১৯৮৫.
300 _a৬৪ পৃ ;
_c২২ সেমি
650 _aবাংলা কবিতা
_9147692
650 _aBangali Poetry
_9147703
942 _2ddc
_cBK
999 _c49107
_d49107